000 00811nam a2200241Ia 4500
008 191130s2009##################000#0#eng##
020 _a9781847201942
022 _a2008943826
040 _aACL
_cACL
082 _a302.35072 BEC
245 _aOrganizational routines : advancing empirical research
_cedited by Markus C. Becker Nathalie Lazaric
260 _aCheltenham, UK ; Northampton, MA
_bEdward Elgar
_cc2009
300 _aix, 291 p. : ill. ; 24 cm.
500 _aIncludes bibliographical references and index
650 _aOrganisatieverandering
650 _aOrganizational behavior - Research - Methodology
650 _aWerkstructurering
700 _aBecker, Markus C
700 _aLazaric, Nathalie
990 _ad2da9011ac10000c5f731928b5786e1d
991 _a237377
999 _c29024
_d29024